Statistics for Water Crownの採用駅

Click here to take the quiz!

General Stats

  • This quiz has been taken 158 times
    (157 since last reset)
  • The average score is 47 of 82

Answer Stats

答え% Correct
大船
82%
横浜
78%
熱海
74%
湯河原
73%
湯河原
73%
橋本
73%
東神奈川
73%
菊名
72%
港南台
72%
新横浜
71%
目黒
71%
大口
70%
小山
69%
中山
69%
根府川
69%
町田
69%
本郷台
68%
早川
68%
磯子
68%
真鶴
68%
長津田
67%
大宮
67%
鶴見
66%
石川町
66%
十日市場
65%
山手
65%
新子安
64%
鴨宮
64%
古淵
63%
大磯
63%
八王子みなみ野
63%
赤塚
62%
鴨居
62%
ひたち野うしく
62%
藤代
62%
成瀬
62%
東海
62%
内郷
61%
矢部
59%
大津港
59%
勝田
58%
内原
58%
高浜
57%
南中郷
57%
佐和
57%
羽鳥
57%
57%
青森
56%
勿来
56%
盛岡
56%
相模湖
55%
一ノ関
55%
藤野
53%
西八王子
53%
くりこま高原
53%
東鷲宮
52%
植田
50%
栗橋
49%
石橋
49%
荻窪
49%
高尾
48%
新小岩
48%
上田
47%
自治医大
47%
伊豆多賀
47%
大井町
47%
浦和
46%
錦糸町
45%
網代
45%
君津
43%
西大宮
43%
東雲
43%
天王洲アイル
43%
品川シーサイド
43%
田浦
42%
新木場
42%
花巻
41%
酒々井
41%
甲斐大和
41%
白河
39%
姉ケ崎
33%
篠ノ井
30%

Score Distribution

Percentile by Number Answered

Percent of People with Each Score

Your Score History

You have not taken this quiz since the last reset